000 00581nam a2200121Ia 4500
008 220615s9999||||xx |||||||||||||| ||und||
100 _aFarrow, Steve||Norton, Jerry
245 0 _aChange In Classroom Practice
546 _aEnglish[eng]
650 _achanging||national||curriculum||advisory||teacher||deputy||head||pupil||learning||influencing
856 _uhttps://library.oapen.org/bitstream/20.500.12657/24292/1/1005839.pdf||https://library.oapen.org/bitstream/20.500.12657/24292/1/1005839.pdf||https://library.oapen.org/bitstream/20.500.12657/24292/1/1005839.pdf
942 _cEB
999 _c10518
_d10518